| 000 -LEADER |
| fixed length control field |
01092nam a2200337 a 4500 |
| 001 - CONTROL NUMBER |
| control field |
:::00012100$&:&@@ |
| 003 - CONTROL NUMBER IDENTIFIER |
| control field |
OkBaRHE |
| 005 - DATE AND TIME OF LATEST TRANSACTION |
| control field |
20000607103416.0 |
| 008 - FIXED-LENGTH DATA ELEMENTS--GENERAL INFORMATION |
| fixed length control field |
s1972 j 000 0 eng u |
| 040 ## - CATALOGING SOURCE |
| Transcribing agency |
|
| 100 1# - MAIN ENTRY--PERSONAL NAME |
| Personal name |
Full Gospel Business Men's Fellowship International. |
| 245 14 - TITLE STATEMENT |
| Title |
The acts of the Holy Spirit among the Presbyterians today. |
| 260 ## - PUBLICATION, DISTRIBUTION, ETC. (IMPRINT) |
| Place of publication, distribution, etc |
Los Angeles, CA., : |
| Name of publisher, distributor, etc |
Full Gospel Business Men's Fellowship International |
| Date of publication, distribution, etc |
c1972 |
| 300 ## - PHYSICAL DESCRIPTION |
| Extent |
64 p. ; |
| Dimensions |
23 cm. |
| 650 ## - SUBJECT ADDED ENTRY--TOPICAL TERM |
| Topical term or geographic name as entry element |
Holy Spirit Baptism |
| 650 ## - SUBJECT ADDED ENTRY--TOPICAL TERM |
| Topical term or geographic name as entry element |
Presbyterians |
| General subdivision |
Biography |
| 700 ## - ADDED ENTRY--PERSONAL NAME |
| Personal name |
Bankosky, John A. |
| 700 ## - ADDED ENTRY--PERSONAL NAME |
| Personal name |
Bradford, George C. |
| 700 ## - ADDED ENTRY--PERSONAL NAME |
| Personal name |
Carpenter, Don. |
| 700 ## - ADDED ENTRY--PERSONAL NAME |
| Personal name |
Clegg, Charles N. |
| 700 ## - ADDED ENTRY--PERSONAL NAME |
| Personal name |
Farah, Jr., Charles. |
| 700 ## - ADDED ENTRY--PERSONAL NAME |
| Personal name |
Mannon, Robert W. |
| 700 ## - ADDED ENTRY--PERSONAL NAME |
| Personal name |
Marshall, Peter J. |
| 700 ## - ADDED ENTRY--PERSONAL NAME |
| Personal name |
Meisgeir, Charles. |
| 700 ## - ADDED ENTRY--PERSONAL NAME |
| Personal name |
Otis, George. |
| 700 ## - ADDED ENTRY--PERSONAL NAME |
| Personal name |
Rodgers, William P. |
| 700 ## - ADDED ENTRY--PERSONAL NAME |
| Personal name |
Rushing, James. |
| 700 ## - ADDED ENTRY--PERSONAL NAME |
| Personal name |
Williams, J. Rodman |
| 942 ## - ADDED ENTRY ELEMENTS (KOHA) |
| Source of classification or shelving scheme |
|
| Koha item type |
Books |